000 00467nam a2200181Ia 4500
008 221030s9999 xx 000 0 und d
020 _a0074630784
041 _aEnglish
082 _a105.23
_bDeo
100 _aS. G. Deo
245 0 _aText Book of Oridinary Differential Equations
_cby S. G. Deo, V. Lakshmikantham
250 _a2nd
260 _bTMH
_aNew Delhi
_c2006
300 _a303
650 _aBE Mathematics
700 _aV. Lakshmikantham
942 _cBK
999 _c2694
_d2694